000 00857nam a2200289 a 4500
008
020 _a0716714485 (cased)
049 _aMAIN
090 _aQH581.2
100 1 _aDarnell, James E.
245 1 0 _aMolecular cell biology /
_cJames Darnell, Harvey Lodish, David Baltimore.
260 _aNew York :
_bScientific American Books,
_cc1986.
300 _axxxv, 1192 p. :
_bill. (some col.) ;
_c29 cm.
504 _aIncludes bibliographical references.
500 _aIncludes index.
650 0 _aCytology.
650 0 _aMolecular biology.
650 2 _aCells.
650 2 _aMolecular Biology.
700 1 _aLodish, Harvey F.
700 1 _aBaltimore, David.
907 _a.b10120208
_b04-05-04
_c03-05-04
003
005 20230123133708.0
040 _cNUST
942 _cBOOKS
_kQH581.2
999 _c153029
_d153029